[Event "Mundial Juvenil femenino 2005 s18"]
[Site "Belfort FRA"]
[Date "2005.07.26"]
[Round "7.3"]
[White "Majdan, Joanna"]
[Black "Pourkashiyan, Atousa"]
[Result "1-0"]
[WhiteElo "2219"]
[BlackElo "2261"]
[PlyCount "105"]
[EventDate "2005.07.19"]
[EventType "swiss"]
[EventRounds "11"]
[EventCountry "FRA"]
[Source "lmi"]
[SourceDate "2005.07.31"]

1. e4 e5 2. Nf3 Nf6 3. Nxe5 d6 4. Nf3 Nxe4 5. Nc3 Nxc3 6. dxc3 Be7 7. Bf4 Nd7
8. Qd2 Nc5 9. O-O-O O-O 10. Nd4 Ne6 11. Be3 Nxd4 12. cxd4 d5 13. Bd3 b6 14. c3
a5 15. h4 Ba6 16. Bf5 b5 17. Kb1 b4 18. h5 Rb8 19. Rc1 Kh8 20. Bf4 Rb7 21. Rh3
Bd6 22. cxb4 Rxb4 23. Bg5 Qb8 24. Bf6 Re8 25. Qh6 Rxb2+ 26. Ka1 Rxa2+ 27. Kxa2
Re2+ 28. Bc2 Qg8 29. Bxg7+ Qxg7 30. Qxg7+ Kxg7 31. h6+ Kf8 32. Kb1 Bf4 33. Rg1
Bc4 34. Bxh7 c5 35. Bf5 Kg8 36. h7+ Kh8 37. Ra3 Re8 38. dxc5 Rb8+ 39. Kc2 a4
40. Rb1 Bb3+ 41. Rbxb3 axb3+ 42. Rxb3 Re8 43. Kd3 Kg7 44. Kd4 Re2 45. Rh3 Rd2+
46. Bd3 Kh8 47. Rf3 Bh6 48. Kxd5 f5 49. c6 Bf4 50. Rxf4 Rxd3+ 51. Kc5 Rc3+ 52.
Kd6 Kxh7 53. c7 1-0

[Event "Mundial Juvenil femenino 2005 s18"]
[Site "Belfort FRA"]
[Date "2005.07.26"]
[Round "7.4"]
[White "Szczepkowska, Karina"]
[Black "Raeva, Elitsa"]
[Result "1/2-1/2"]
[WhiteElo "2245"]
[BlackElo "2191"]
[PlyCount "49"]
[EventDate "2005.07.19"]
[EventType "swiss"]
[EventRounds "11"]
[EventCountry "FRA"]
[Source "lmi"]
[SourceDate "2005.07.31"]

1. e4 c5 2. Nc3 Nc6 3. f4 d6 4. Nf3 Bg4 5. g3 a6 6. h3 Bxf3 7. Qxf3 Nd4 8. Qd1
e5 9. d3 Be7 10. Bg2 exf4 11. Bxf4 Bg5 12. O-O Bxf4 13. Rxf4 Ne7 14. Nd5 Nxd5
15. exd5 O-O 16. c3 Nb5 17. Qg4 g6 18. Raf1 Nc7 19. h4 h5 20. Qf3 f5 21. Qf2
Qe7 22. b4 b6 23. Rb1 Rab8 24. Qd2 Qe5 25. Re1 1/2-1/2

[Event "Mundial Juvenil femenino 2005 s18"]
[Site "Belfort FRA"]
[Date "2005.07.26"]
[Round "7.5"]
[White "Ross, Laura"]
[Black "Kovanova, Baira"]
[Result "0-1"]
[WhiteElo "2170"]
[BlackElo "2321"]
[PlyCount "91"]
[EventDate "2005.07.19"]
[EventType "swiss"]
[EventRounds "11"]
[EventCountry "FRA"]
[Source "lmi"]
[SourceDate "2005.07.31"]

1. e4 e5 2. Nf3 Nc6 3. Bb5 d6 4. c3 Bd7 5. O-O Nf6 6. Re1 Be7 7. d4 O-O 8. Ba4
Re8 9. h3 Bf8 10. Bc2 h6 11. Nbd2 g6 12. Nf1 Nh5 13. Ne3 Bg7 14. Nd5 Nf6 15.
Nxf6+ Qxf6 16. Be3 Rad8 17. d5 Ne7 18. c4 a6 19. Nh2 Qh4 20. Nf3 Qh5 21. Bd3 f5
22. Be2 f4 23. Bd2 Bc8 24. Bc3 Rf8 25. Nxe5 f3 26. Bxf3 Qg5 27. h4 Qxh4 28. Nd3
Bxc3 29. bxc3 Rf7 30. Re3 Rdf8 31. c5 dxc5 32. Nxc5 Bg4 33. Nd3 Bxf3 34. gxf3
g5 35. Ne5 Rg7 36. d6 cxd6 37. Qxd6 g4 38. Qe6+ Kh8 39. f4 g3 40. Rxg3 Rxg3+
41. fxg3 Qxg3+ 42. Kh1 Qh4+ 43. Kg2 Rg8+ 44. Kf1 Qxf4+ 45. Ke2 Qxe4+ 46. Kf1
0-1

[Event "Mundial Juvenil femenino 2005 s18"]
[Site "Belfort FRA"]
[Date "2005.07.26"]
[Round "7.6"]
[White "Morales Mendoza, Luciana"]
[Black "Melia, Salome"]
[Result "0-1"]
[WhiteElo "2149"]
[BlackElo "2305"]
[PlyCount "86"]
[EventDate "2005.07.19"]
[EventType "swiss"]
[EventRounds "11"]
[EventCountry "FRA"]
[Source "lmi"]
[SourceDate "2005.07.31"]

1. d4 Nf6 2. Nf3 e6 3. e3 b6 4. Bd3 Bb7 5. O-O d5 6. Ne5 Bd6 7. f4 O-O 8. b3 c5
9. Bb2 Nc6 10. a3 Ne7 11. Nd2 Rc8 12. Qe2 Ne4 13. Rad1 cxd4 14. exd4 f5 15. c4
a5 16. Ndf3 h6 17. Qe1 Qe8 18. b4 axb4 19. axb4 dxc4 20. Nxc4 Bxf4 21. Nxb6 Rb8
22. Ne5 Bxe5 23. dxe5 Qc6 24. Bxe4 fxe4 25. Rxf8+ Rxf8 26. Rd6 Qb5 27. Nd7 Rf7
28. Nc5 Nf5 29. Rd8+ Kh7 30. h3 e3 31. Rb8 Ng3 32. Qb1+ g6 33. Rxb7 Qxb7 34.
Nxb7 e2 35. Kh2 Nf1+ 36. Kg1 Ng3 37. Kh2 Rf1 38. Qc2 e1=Q 39. Qc7+ Kg8 40. Qc8+
Kg7 41. Qd7+ Rf7 42. Qxe6 Nf1+ 43. Kh1 Qg3 0-1

[Event "Mundial Juvenil femenino 2005 s18"]
[Site "Belfort FRA"]
[Date "2005.07.26"]
[Round "7.7"]
[White "Sarquis, Maria Belen"]
[Black "Hoang, Thi Bao Tram"]
[Result "0-1"]
[WhiteElo "2149"]
[BlackElo "2267"]
[PlyCount "62"]
[EventDate "2005.07.19"]
[EventType "swiss"]
[EventRounds "11"]
[EventCountry "FRA"]
[Source "lmi"]
[SourceDate "2005.07.31"]

1. e4 c6 2. d4 d5 3. exd5 cxd5 4. c4 Nf6 5. Nc3 e6 6. a3 Be7 7. Nf3 O-O 8. Bd3
dxc4 9. Bxc4 Nbd7 10. O-O Nb6 11. Ba2 Bd7 12. Ne5 Bc6 13. Bg5 Nbd5 14. Nxc6
bxc6 15. Na4 Rc8 16. Rc1 Qd6 17. Re1 Rfd8 18. Nc5 Qb8 19. Nd3 Qb6 20. Qa4 Ng4
21. Bxe7 Nxe7 22. Rc5 Nf6 23. Qc4 Rd6 24. a4 Rcd8 25. a5 Qb8 26. Ne5 Rxd4 27.
Qc3 Rd1 28. Nxf7 Kxf7 29. Bxe6+ Kf8 30. Rce5 R8d3 31. Qc5 Qd6 0-1

[Event "Mundial Juvenil femenino 2005 s18"]
[Site "Belfort FRA"]
[Date "2005.07.26"]
[Round "7.8"]
[White "Savurko, Alexandra"]
[Black "Borosova, Zuzana"]
[Result "0-1"]
[WhiteElo "2138"]
[BlackElo "2222"]
[PlyCount "48"]
[EventDate "2005.07.19"]
[EventType "swiss"]
[EventRounds "11"]
[EventCountry "FRA"]
[Source "lmi"]
[SourceDate "2005.07.31"]

1. d4 Nf6 2. c4 e6 3. Nf3 b6 4. g3 Bb7 5. Bg2 Be7 6. O-O O-O 7. d5 Na6 8. Nc3
Nc5 9. Nd4 a5 10. f4 exd5 11. cxd5 d6 12. e4 Ba6 13. Re1 Nfd7 14. Nc6 Qe8 15.
e5 dxe5 16. fxe5 Nd3 17. Nxe7+ Qxe7 18. d6 cxd6 19. Bxa8 Rxa8 20. Nd5 Qe6 21.
Nc7 Qc4 22. exd6 Nxe1 23. Nxa6 Qe4 24. Kf2 Re8 0-1

[Event "Mundial Juvenil femenino 2005 s18"]
[Site "Belfort FRA"]
[Date "2005.07.26"]
[Round "7.9"]
[White "Savtchenko, Viktoria"]
[Black "Gilbert, Jessie"]
[Result "1/2-1/2"]
[WhiteElo "2202"]
[BlackElo "2151"]
[PlyCount "32"]
[EventDate "2005.07.19"]
[EventType "swiss"]
[EventRounds "11"]
[EventCountry "FRA"]
[Source "lmi"]
[SourceDate "2005.07.31"]

1. e4 c6 2. d4 d5 3. exd5 cxd5 4. c4 Nf6 5. Nc3 Nc6 6. Nf3 g6 7. cxd5 Nxd5 8.
Qb3 Nxc3 9. bxc3 Bg7 10. Bc4 O-O 11. Ng5 e6 12. Qc2 b5 13. Bd3 b4 14. Be4 Bb7
15. Rb1 Qd7 16. Qa4 Rfd8 1/2-1/2

[Event "Mundial Juvenil femenino 2005 s18"]
[Site "Belfort FRA"]
[Date "2005.07.26"]
[Round "7.11"]
[White "Vinuthna, N."]
[Black "Itkis, Khana"]
[Result "0-1"]
[WhiteElo "2268"]
[BlackElo "2117"]
[PlyCount "112"]
[EventDate "2005.07.19"]
[EventType "swiss"]
[EventRounds "11"]
[EventCountry "FRA"]
[Source "lmi"]
[SourceDate "2005.07.31"]

1. e4 e6 2. d4 d5 3. exd5 exd5 4. c4 dxc4 5. Bxc4 Bd6 6. Nc3 Nf6 7. Nf3 O-O 8.
O-O h6 9. Nb5 Bg4 10. Qb3 Nc6 11. Nxd6 Qxd6 12. Ne5 Nxe5 13. dxe5 Qxe5 14. Qxb7
Rfb8 15. Qc6 Bf5 16. h3 Be4 17. Qa4 Rb6 18. Bb3 a5 19. Qc4 Bd5 20. Qc5 Rc6 21.
Qe3 Qxe3 22. Bxe3 Bxb3 23. axb3 Rc2 24. Bd4 Nd5 25. Rac1 Rd2 26. Rfd1 Rxd1+ 27.
Rxd1 Rb8 28. Ra1 Rb5 29. Kf1 f6 30. Ra3 Kf7 31. g3 Nb4 32. Bc3 Nc6 33. Ke2 Ke6
34. Kd3 Kd5 35. f4 Kc5 36. Kc2 Nd4+ 37. Bxd4+ Kxd4 38. Ra4+ Ke3 39. Rc4 c5 40.
Rc3+ Ke4 41. Rc4+ Kf3 42. Rc3+ Ke4 43. Kd2 g5 44. Re3+ Kf5 45. Rf3 g4 46. hxg4+
Kxg4 47. Rc3 h5 48. Ke2 a4 49. bxa4 Rxb2+ 50. Ke3 Ra2 51. Rxc5 Rxa4 52. Rc3
Kxg3 53. Rc8 Ra3+ 54. Ke2 Kxf4 55. Rf8 f5 56. Rg8 Rg3 0-1

[Event "Mundial Juvenil femenino 2005 s18"]
[Site "Belfort FRA"]
[Date "2005.07.26"]
[Round "7.12"]
[White "Vega Gutierrez, Sabrina"]
[Black "Markantonaki, Haritomeni"]
[Result "1/2-1/2"]
[WhiteElo "2262"]
[BlackElo "2115"]
[PlyCount "116"]
[EventDate "2005.07.19"]
[EventType "swiss"]
[EventRounds "11"]
[EventCountry "FRA"]
[Source "lmi"]
[SourceDate "2005.07.31"]

1. e4 e5 2. Nf3 Nc6 3. d4 exd4 4. Nxd4 Nf6 5. Nc3 Bb4 6. Nxc6 bxc6 7. Bd3 d5 8.
exd5 cxd5 9. O-O O-O 10. Bg5 c6 11. Na4 Be6 12. c3 Be7 13. Re1 h6 14. Bh4 a5
15. Bc2 g5 16. Qd3 gxh4 17. Rxe6 fxe6 18. Qg6+ Kh8 19. Qxh6+ Kg8 20. Qg5+ Kh8
21. Qxh4+ Kg7 22. Qg5+ Kh8 23. Qh6+ Kg8 24. Qg6+ Kh8 25. Re1 Ne4 26. Qh6+ Kg8
27. Qxe6+ Kg7 28. Rxe4 dxe4 29. Qxe4 Qd6 30. Qh7+ Kf6 31. Nb6 Rg8 32. Qh6+ Kf7
33. Bb3+ Ke8 34. Qxd6 Bxd6 35. Nxa8 Rf8 36. Ba4 Bc5 37. Bxc6+ Ke7 38. Bf3 Rd8
39. b4 axb4 40. cxb4 Bxb4 41. Nb6 Bc5 42. Nd5+ Ke6 43. h4 Rb8 44. Nc3 Rb2 45.
Ne4 Be7 46. h5 Rxa2 47. g3 Ra3 48. Kg2 Kf5 49. Nd2 Bg5 50. Be4+ Kf6 51. Nf3 Bh6
52. g4 Ra2 53. Kg3 Ra4 54. Bg6 Ra3 55. Kg2 Ra2 56. Kg3 Ra3 57. Bf5 Rb3 58. Bc2
Ra3 1/2-1/2

[Event "Mundial Juvenil femenino 2005 s18"]
[Site "Belfort FRA"]
[Date "2005.07.26"]
[Round "7.13"]
[White "Stefan, Elisabeta-Elena"]
[Black "Kulovana, Eva"]
[Result "1-0"]
[WhiteElo "2105"]
[BlackElo "2137"]
[PlyCount "203"]
[EventDate "2005.07.19"]
[EventType "swiss"]
[EventRounds "11"]
[EventCountry "FRA"]
[Source "lmi"]
[SourceDate "2005.07.31"]

1. e4 c6 2. d4 d5 3. e5 Bf5 4. Be3 e6 5. Nf3 Nd7 6. Nbd2 f6 7. exf6 Ngxf6 8.
Bf4 Be7 9. Be2 O-O 10. O-O Ne4 11. c4 Kh8 12. Rc1 Bg4 13. Be3 Nxd2 14. Nxd2
Bxe2 15. Qxe2 Bf6 16. Nb3 dxc4 17. Qxc4 Re8 18. Qb4 Nb6 19. Nc5 Qe7 20. a4 Rab8
21. Qb3 Nd5 22. Nd3 Qd6 23. Rfd1 Nxe3 24. fxe3 e5 25. d5 cxd5 26. Nb4 d4 27. e4
Bg5 28. Rc4 Rbc8 29. Nd5 Rxc4 30. Qxc4 Qc6 31. Qb3 Rc8 32. Rf1 Qd7 33. Qg3 Bf4
34. Nxf4 exf4 35. Qxf4 h6 36. e5 d3 37. Rd1 Qd5 38. Qe3 Rc2 39. Rd2 Rxd2 40.
Qxd2 Qxe5 41. Qxd3 Qxb2 42. Qd8+ Kh7 43. Qd3+ g6 44. Qd7+ Qg7 45. Qb5 Qc7 46.
Qe8 Kg7 47. h3 Qf7 48. Qe5+ Kh7 49. Qc5 a6 50. Qb6 Qe7 51. a5 h5 52. Kh2 Kg7
53. Qd4+ Kh7 54. Qf4 Qd7 55. Qe5 Qc6 56. Qe7+ Kg8 57. Qd8+ Kf7 58. Kh1 Ke6 59.
Qg8+ Ke5 60. Qg7+ Kd5 61. Qf7+ Kc5 62. Qb3 Qe4 63. Qb6+ Kc4 64. Qc7+ Kb5 65.
Qb6+ Ka4 66. Kh2 Qc6 67. Qd8 Kb5 68. Qg5+ Kb4 69. Qd2+ Ka3 70. Qe3+ Ka4 71. Qe5
b5 72. axb6 Qxb6 73. Qa1+ Kb5 74. Qe5+ Kc6 75. Qe4+ Kc7 76. Qe7+ Kb8 77. Qe8+
Kb7 78. Qe4+ Ka7 79. Qe7+ Qb7 80. Qc5+ Ka8 81. Kh1 Qb1+ 82. Kh2 Qb5 83. Qc7 Qb8
84. Kh1 Qb1+ 85. Kh2 Qd3 86. Kh1 a5 87. Qc5 Qf1+ 88. Kh2 Qf4+ 89. Kh1 Qf5 90.
Qc6+ Kb8 91. Qb6+ Kc8 92. Qc6+ Kd8 93. Qd6+ Ke8 94. Qc7 Qb5 95. Qc8+ Kf7 96.
Qc7+ Kf6 97. Qd6+ Kf5 98. Qf8+ Ke5 99. Qg7+ Kf5 100. Qf7+ Kg5 101. h4+ Kxh4
102. Qf4# 1-0

[Event "Mundial Juvenil femenino 2005 s18"]
[Site "Belfort FRA"]
[Date "2005.07.26"]
[Round "7.16"]
[White "Martirosyan, Lia"]
[Black "Guichard, Pauline"]
[Result "0-1"]
[WhiteElo "2120"]
[BlackElo "2103"]
[PlyCount "66"]
[EventDate "2005.07.19"]
[EventType "swiss"]
[EventRounds "11"]
[EventCountry "FRA"]
[Source "lmi"]
[SourceDate "2005.07.31"]

1. d4 d5 2. Nf3 c6 3. Bf4 Qb6 4. Qc1 Bg4 5. Nbd2 Nd7 6. e3 e6 7. Bd3 Ngf6 8. h3
Bh5 9. O-O Be7 10. Re1 O-O 11. c3 c5 12. Ne5 Nxe5 13. dxe5 Nd7 14. e4 Bg6 15.
Qb1 c4 16. Bc2 Bc5 17. Bg3 f6 18. exf6 Rxf6 19. Nf3 Raf8 20. exd5 exd5 21. Qd1
Bxc2 22. Qxc2 Rg6 23. Kf1 Nf6 24. Qd2 Kh8 25. Bh4 Ne4 26. Qxd5 Nxf2 27. Bxf2
Bxf2 28. Re2 Bc5 29. Ke1 h6 30. Rd1 Rd6 31. Qxd6 Bxd6 32. Red2 Qe3+ 33. Re2
Bg3+ 0-1

[Event "Mundial Juvenil femenino 2005 s18"]
[Site "Belfort FRA"]
[Date "2005.07.26"]
[Round "7.18"]
[White "Mar, Karmen"]
[Black "Mezioud, Amina"]
[Result "1-0"]
[WhiteElo "2134"]
[BlackElo "1984"]
[PlyCount "93"]
[EventDate "2005.07.19"]
[EventType "swiss"]
[EventRounds "11"]
[EventCountry "FRA"]
[Source "lmi"]
[SourceDate "2005.07.31"]

1. e4 e5 2. Nf3 Nc6 3. Bc4 Bc5 4. O-O Nf6 5. d3 O-O 6. Nbd2 d6 7. c3 Bg4 8. h3
Bh5 9. Bb3 Kh8 10. Nc4 Nd7 11. g4 Bg6 12. Ne3 Ne7 13. Nh4 b5 14. f4 exf4 15.
Rxf4 f6 16. d4 Bb6 17. Nhf5 Bf7 18. Bxf7 Rxf7 19. Qb3 Qe8 20. Nxe7 Qxe7 21. Nf5
Qe8 22. Bd2 Ne5 23. Raf1 Qd7 24. Kh2 Ng6 25. R4f3 Re8 26. Ng3 c5 27. g5 Ref8
28. gxf6 Rxf6 29. Rxf6 gxf6 30. Bh6 Rf7 31. Nh5 Bd8 32. Qd5 c4 33. Qa8 Qe7 34.
Rxf6 Rxf6 35. Bg7+ Kg8 36. Bxf6 Qd7 37. Qxd8+ Qxd8 38. Bxd8 Kf7 39. Kg3 Ke8 40.
Ba5 h6 41. Nf4 Nf8 42. Kg4 Nd7 43. Kf5 Nf8 44. h4 a6 45. Ne6 Nd7 46. Nc7+ Kf7
47. Nxa6 1-0

[Event "Mundial Juvenil femenino 2005 s18"]
[Site "Belfort FRA"]
[Date "2005.07.26"]
[Round "7.19"]
[White "Estrada Gaspar, Nelly"]
[Black "Choisy, Mathilde"]
[Result "1/2-1/2"]
[WhiteElo "1994"]
[BlackElo "2113"]
[PlyCount "88"]
[EventDate "2005.07.19"]
[EventType "swiss"]
[EventRounds "11"]
[EventCountry "FRA"]
[Source "lmi"]
[SourceDate "2005.07.31"]

1. f4 Nf6 2. Nf3 g6 3. e3 Bg7 4. d4 d6 5. Bd3 Nc6 6. c3 O-O 7. O-O e5 8. e4
exd4 9. cxd4 Nb4 10. Nc3 Nxd3 11. Qxd3 c6 12. h3 Re8 13. e5 Bf5 14. Qd1 Nd5 15.
Nxd5 cxd5 16. Qb3 dxe5 17. fxe5 Qd7 18. Bf4 Rac8 19. Rac1 Be6 20. Qe3 Rxc1 21.
Rxc1 Rc8 22. b3 Rc6 23. Bh6 Bh8 24. Qg5 f6 25. exf6 Rxc1+ 26. Qxc1 Bxf6 27. Qc5
Be7 28. Qxa7 Bd6 29. Qa8+ Qc8 30. Qxc8+ Bxc8 31. Kf2 Bf5 32. Ke3 Bb4 33. Nd2
Kf7 34. g4 Bxd2+ 35. Kxd2 Be4 36. Bf4 h5 37. gxh5 gxh5 38. h4 Ke6 39. Kc3 Kd7
40. Kb4 Kc6 41. a4 b6 42. a5 bxa5+ 43. Kxa5 Kb7 44. Kb5 Bf3 1/2-1/2

[Event "Mundial Juvenil femenino 2005 s18"]
[Site "Belfort FRA"]
[Date "2005.07.27"]
[Round "8.3"]
[White "Kovanova, Baira"]
[Black "Raeva, Elitsa"]
[Result "1-0"]
[WhiteElo "2321"]
[BlackElo "2191"]
[PlyCount "69"]
[EventDate "2005.07.19"]
[EventType "swiss"]
[EventRounds "11"]
[EventCountry "FRA"]
[Source "lmi"]
[SourceDate "2005.07.31"]

1. e4 c5 2. Nc3 Nc6 3. g3 g6 4. Bg2 Bg7 5. d3 d6 6. Be3 e5 7. Qd2 h6 8. Nge2
Nge7 9. O-O Nd4 10. Nc1 Be6 11. Nd1 Qd7 12. c3 Ndc6 13. Ne2 d5 14. Bxc5 dxe4
15. Bxe4 O-O-O 16. d4 Bh3 17. Re1 h5 18. Qc2 h4 19. Qa4 hxg3 20. hxg3 Qg4 21.
f3 Qh5 22. Bxe7 Bd7 23. Bh4 Kb8 24. f4 exd4 25. Nf2 Rde8 26. Nxd4 Rxe4 27. Rxe4
g5 28. fxg5 f5 29. gxf6 Bxf6 30. Bxf6 Qh2+ 31. Kf1 Rc8 32. Rf4 Re8 33. Rh4 Qxg3
34. Nxc6+ Bxc6 35. Qf4+ 1-0

[Event "Mundial Juvenil femenino 2005 s18"]
[Site "Belfort FRA"]
[Date "2005.07.27"]
[Round "8.5"]
[White "Hoang, Thi Bao Tram"]
[Black "Stojanovic, Andjelija"]
[Result "1/2-1/2"]
[WhiteElo "2267"]
[BlackElo "2162"]
[PlyCount "70"]
[EventDate "2005.07.19"]
[EventType "swiss"]
[EventRounds "11"]
[EventCountry "FRA"]
[Source "lmi"]
[SourceDate "2005.07.31"]

1. e4 c5 2. Nf3 Nc6 3. d4 cxd4 4. Nxd4 Nf6 5. Nc3 e6 6. g3 d5 7. exd5 Nxd5 8.
Bg2 Bb4 9. Nde2 Nxc3 10. Qxd8+ Kxd8 11. Nxc3 Nd4 12. Bg5+ Be7 13. Bxe7+ Kxe7
14. O-O-O Rd8 15. Nd5+ exd5 16. Rxd4 Be6 17. Rhd1 Rd6 18. Bxd5 Rad8 19. c4 b5
20. R4d2 bxc4 21. Bxe6 Rxd2 22. Rxd2 Rxd2 23. Kxd2 Kxe6 24. Kc3 Kd5 25. Kb4 Kd4
26. Kb5 h6 27. a4 f5 28. a5 Kd3 29. a6 g5 30. Kc6 f4 31. gxf4 gxf4 32. f3 Ke2
33. Kd5 Kd3 34. Kc6 Ke2 35. Kd5 Kd3 1/2-1/2

[Event "Mundial Juvenil femenino 2005 s18"]
[Site "Belfort FRA"]
[Date "2005.07.27"]
[Round "8.6"]
[White "Borosova, Zuzana"]
[Black "Szczepkowska, Karina"]
[Result "1-0"]
[WhiteElo "2222"]
[BlackElo "2245"]
[PlyCount "71"]
[EventDate "2005.07.19"]
[EventType "swiss"]
[EventRounds "11"]
[EventCountry "FRA"]
[Source "lmi"]
[SourceDate "2005.07.31"]

1. e4 e5 2. Nf3 Nc6 3. Bc4 Nf6 4. d3 Be7 5. O-O O-O 6. Re1 d6 7. c3 Na5 8. Bb5
a6 9. Ba4 c5 10. Nbd2 h6 11. Nf1 b5 12. Bc2 Re8 13. h3 Bf8 14. N3h2 g6 15. Qf3
Bg7 16. Ng4 Nxg4 17. hxg4 Rf8 18. Ne3 Be6 19. Qh3 Ra7 20. Nf5 gxf5 21. gxf5 Kh7
22. fxe6 fxe6 23. f3 Rg8 24. Bb3 Qf6 25. Kf2 Bf8 26. Rh1 Rg6 27. Be3 Rf7 28.
Rag1 Nc6 29. g4 d5 30. g5 Qd8 31. gxh6 Rgf6 32. Qg4 Ne7 33. Qg7+ Rxg7 34. hxg7+
Kg8 35. gxf8=Q+ Kxf8 36. Rh8+ 1-0

[Event "Mundial Juvenil femenino 2005 s18"]
[Site "Belfort FRA"]
[Date "2005.07.27"]
[Round "8.7"]
[White "Pourkashiyan, Atousa"]
[Black "Itkis, Khana"]
[Result "0-1"]
[WhiteElo "2261"]
[BlackElo "2117"]
[PlyCount "124"]
[EventDate "2005.07.19"]
[EventType "swiss"]
[EventRounds "11"]
[EventCountry "FRA"]
[Source "lmi"]
[SourceDate "2005.07.31"]

1. e4 e6 2. d4 d5 3. Bd3 dxe4 4. Bxe4 Nf6 5. Bf3 c5 6. Ne2 Be7 7. Be3 Na6 8.
O-O O-O 9. Nbc3 cxd4 10. Nxd4 Nb4 11. Qe2 Nbd5 12. Nxd5 Nxd5 13. Bxd5 Qxd5 14.
Nb5 Qe5 15. f4 Qe4 16. Rae1 b6 17. Nd4 Bb7 18. Nf3 Rac8 19. c3 Bd5 20. Qf2 Qf5
21. Nd4 Qh5 22. Rc1 Bh4 23. Qc2 Bf6 24. a3 Rfe8 25. Nf3 e5 26. f5 e4 27. Ne1
Re5 28. g3 Rxf5 29. Ng2 Rxf1+ 30. Rxf1 Bc4 31. Re1 Qf5 32. Qa4 Qb5 33. Qc2 Bd3
34. Qf2 Be7 35. Nf4 Bc5 36. Kg2 Bxe3 37. Rxe3 Rd8 38. Kg1 Qb3 39. Re1 a5 40.
Qd2 Qc4 41. Kh1 b5 42. Qe3 b4 43. Qb6 Re8 44. axb4 axb4 45. cxb4 Qc2 46. Qd4
Rc8 47. Nh5 f6 48. Qd7 Qc7 49. Qe6+ Kh8 50. Nf4 Qb7 51. Qh3 Rb8 52. b5 Bxb5 53.
Kg1 Qb6+ 54. Kh1 Qb7 55. Qe6 Bc6 56. Qd6 Qb6 57. Ng2 e3 58. Qf4 Qxb2 59. Rg1
Re8 60. h4 Bxg2+ 61. Rxg2 Qxg2+ 62. Kxg2 e2 0-1

[Event "Mundial Juvenil femenino 2005 s18"]
[Site "Belfort FRA"]
[Date "2005.07.27"]
[Round "8.8"]
[White "Guichard, Pauline"]
[Black "Savtchenko, Viktoria"]
[Result "1-0"]
[WhiteElo "2103"]
[BlackElo "2202"]
[PlyCount "91"]
[EventDate "2005.07.19"]
[EventType "swiss"]
[EventRounds "11"]
[EventCountry "FRA"]
[Source "lmi"]
[SourceDate "2005.07.31"]

1. d4 d5 2. c4 c6 3. Nf3 Nf6 4. e3 g6 5. Nbd2 Bg7 6. Bd3 O-O 7. O-O Nbd7 8. b3
c5 9. Bb2 b6 10. Rc1 Bb7 11. Qe2 Rc8 12. Ne5 Rc7 13. f4 Ne4 14. Bxe4 dxe4 15.
d5 e6 16. dxe6 fxe6 17. Nb1 Nxe5 18. Bxe5 Bxe5 19. fxe5 Rf5 20. Rcd1 Qg5 21.
Nc3 Rxf1+ 22. Rxf1 Qxe5 23. Qf2 Qg7 24. Qf4 e5 25. Qg4 Qd7 26. Nxe4 Qxg4 27.
Nf6+ Kf7 28. Nxg4+ Ke6 29. Rf6+ Ke7 30. Rf1 Ke6 31. Rf6+ Ke7 32. Rf1 e4 33. Rd1
Ke6 34. Kf1 a5 35. Nf2 Rf7 36. Ke2 g5 37. Nh3 Rg7 38. Rd8 Bc6 39. Rh8 h5 40.
Rh6+ Kd7 41. Rxh5 g4 42. Nf4 b5 43. Rh4 bxc4 44. bxc4 Ba4 45. Rh5 Kc6 46. Rh6+
1-0

[Event "Mundial Juvenil femenino 2005 s18"]
[Site "Belfort FRA"]
[Date "2005.07.27"]
[Round "8.9"]
[White "Gilbert, Jessie"]
[Black "Stefan, Elisabeta-Elena"]
[Result "1/2-1/2"]
[WhiteElo "2151"]
[BlackElo "2105"]
[PlyCount "71"]
[EventDate "2005.07.19"]
[EventType "swiss"]
[EventRounds "11"]
[EventCountry "FRA"]
[Source "lmi"]
[SourceDate "2005.07.31"]

1. d4 g6 2. c4 Bg7 3. Nc3 d6 4. e4 Nd7 5. f3 e5 6. Be3 Ne7 7. g4 f5 8. gxf5
gxf5 9. d5 Nf6 10. Qd2 fxe4 11. fxe4 Bg4 12. Be2 Qd7 13. O-O-O a6 14. Rf1 O-O-O
15. Nf3 Ng6 16. Ng5 Rde8 17. Bxg4 Nxg4 18. Ne6 Nxe3 19. Qxe3 Kb8 20. c5 Nf4 21.
c6 Qe7 22. Nxg7 Qxg7 23. Rhg1 Qe7 24. Rg3 Rhg8 25. Na4 Qd8 26. Rfg1 Rxg3 27.
hxg3 Nh3 28. Rh1 Qg5 29. Kd2 Qxe3+ 30. Kxe3 Ng5 31. Rh5 Rg8 32. Nc3 Rg6 33. Nd1
h6 34. cxb7 Kxb7 35. Nf2 Rf6 36. Ke2 1/2-1/2

[Event "Mundial Juvenil femenino 2005 s18"]
[Site "Belfort FRA"]
[Date "2005.07.27"]
[Round "8.10"]
[White "Dauletova, Gulmira"]
[Black "Untila, Stela"]
[Result "1-0"]
[WhiteElo "2122"]
[BlackElo "2065"]
[PlyCount "129"]
[EventDate "2005.07.19"]
[EventType "swiss"]
[EventRounds "11"]
[EventCountry "FRA"]
[Source "lmi"]
[SourceDate "2005.07.31"]

1. e4 c6 2. d4 d5 3. exd5 cxd5 4. Bd3 Nc6 5. c3 Qc7 6. Qb3 e6 7. Nf3 Nf6 8. Bg5
Be7 9. O-O O-O 10. Nbd2 Rb8 11. a4 a6 12. Bh4 Bd7 13. Bg3 Bd6 14. Bxd6 Qxd6 15.
a5 Qe7 16. Qa3 Na7 17. Rfe1 Bb5 18. Bc2 Nc8 19. Rac1 Nd6 20. b3 Rfc8 21. Ne5
Qd8 22. c4 Be8 23. Bb1 Qe7 24. Qa1 Rc7 25. Qc3 Nb5 26. Qb2 Na7 27. Qc2 g6 28.
c5 Nc6 29. Nxc6 Bxc6 30. Nf3 Qd8 31. Qd2 Kg7 32. Ne5 Nd7 33. Ng4 Qh4 34. h3 Re8
35. Kh2 Rcc8 36. g3 Qe7 37. Qh6+ Kg8 38. Rc3 Qf8 39. Qf4 Re7 40. Rce3 Rce8 41.
b4 Qg7 42. Kg1 h5 43. Ne5 Qf6 44. Qh6 Qg7 45. Qf4 Qf6 46. Nxc6 bxc6 47. Bd3
Qxf4 48. gxf4 Nb8 49. f5 Kg7 50. fxg6 fxg6 51. Rg3 Rh8 52. Rxg6+ Kf7 53. Re3 h4
54. Rg4 Ke8 55. Rg6 Kd7 56. Be2 Rf8 57. Bg4 Rf4 58. Bxe6+ Kc7 59. Rg4 Rf6 60.
Bg8 Rxe3 61. fxe3 Rf3 62. Rg7+ Kd8 63. Be6 Rxe3 64. Rg8+ Ke7 65. Rg7+ 1-0

[Event "Mundial Juvenil femenino 2005 s18"]
[Site "Belfort FRA"]
[Date "2005.07.27"]
[Round "8.11"]
[White "Savurko, Alexandra"]
[Black "Vega Gutierrez, Sabrina"]
[Result "1/2-1/2"]
[WhiteElo "2138"]
[BlackElo "2262"]
[PlyCount "54"]
[EventDate "2005.07.19"]
[EventType "swiss"]
[EventRounds "11"]
[EventCountry "FRA"]
[Source "lmi"]
[SourceDate "2005.07.31"]

1. d4 d5 2. c4 e6 3. Nc3 c6 4. cxd5 exd5 5. Qc2 Bd6 6. Nf3 Ne7 7. Bg5 f6 8. Bh4
Bf5 9. Qd2 O-O 10. e3 Re8 11. Bd3 Qd7 12. Bg3 Bxd3 13. Qxd3 Nf5 14. Bxd6 Nxd6
15. O-O Qg4 16. b4 a6 17. a4 Nd7 18. b5 axb5 19. axb5 Nb6 20. bxc6 bxc6 21. Ra6
Ndc4 22. Rfa1 Rxa6 23. Rxa6 Qc8 24. Ra2 Qb7 25. Qb1 Ra8 26. Rxa8+ Qxa8 27. Qa2
Kf7 1/2-1/2

[Event "Mundial Juvenil femenino 2005 s18"]
[Site "Belfort FRA"]
[Date "2005.07.27"]
[Round "8.12"]
[White "Schneider, Veronika"]
[Black "Ergasheva, Sarvinos"]
[Result "1-0"]
[WhiteElo "2215"]
[BlackElo "1954"]
[PlyCount "69"]
[EventDate "2005.07.19"]
[EventType "swiss"]
[EventRounds "11"]
[EventCountry "FRA"]
[Source "lmi"]
[SourceDate "2005.07.31"]

1. e4 d6 2. d4 Nf6 3. Nc3 g6 4. Be3 Bg7 5. Qd2 c6 6. Bh6 Bxh6 7. Qxh6 Qa5 8.
O-O-O Nbd7 9. f4 Qh5 10. Qxh5 Nxh5 11. g3 O-O 12. Nf3 Nhf6 13. h3 b5 14. Bd3 b4
15. Ne2 a5 16. g4 Ba6 17. Bxa6 Rxa6 18. Ng3 Rc8 19. g5 Ne8 20. h4 c5 21. d5 c4
22. Nd4 Rc7 23. h5 Nf8 24. hxg6 hxg6 25. Rh6 e5 26. dxe6 fxe6 27. Rdh1 Kf7 28.
f5 exf5 29. exf5 Ng7 30. fxg6+ Ke8 31. Ne4 Ke7 32. Nf6 Rc5 33. Rh7 Nxh7 34.
gxh7 Ra8 35. Ng8+ 1-0